| 000 | 01642cam a2200397 i 4500 | ||
|---|---|---|---|
| 001 | 20746260 | ||
| 005 | 20200320222731.0 | ||
| 008 | 181116s2019 nyuab j b 001 0 eng | ||
| 010 | _a 2018054493 | ||
| 020 |
_a9781547600977 _q(hardcover) |
||
| 020 |
_z9781547601387 _q(ebook) |
||
| 020 |
_z9781547602643 _q(epdf) |
||
| 040 |
_aDLC _beng _cDLC _erda _dDLC |
||
| 042 | _apcc | ||
| 050 | 0 | 0 |
_aQL754 _b.U59 2019 |
| 082 | 0 | 0 |
_a591.56/8 _223 |
| 100 | 1 |
_aUnwin, Mike, _eauthor. _95833968 |
|
| 245 | 1 | 0 |
_aMigration / _cby Mike Unwin ; illustrated by Jenni Desmond. |
| 264 | 1 |
_aNew York : _bBloomsbury, _c2019. |
|
| 300 |
_a47 pages : _bcolor illustrations, color map ; _c31 cm |
||
| 336 | _atext | ||
| 337 | _aunmediated | ||
| 338 | _avolume | ||
| 521 | 1 | _aAge 7+ | |
| 521 | 2 | _aGrade 4 to 6. | |
| 504 | _aIncludes bibliographical references and index. | ||
| 650 | 0 |
_aAnimal migration _vJuvenile literature. _95746234 |
|
| 700 | 1 |
_aDesmond, Jenni, _eillustrator. _95900562 |
|
| 776 | 0 | 8 |
_iOnline version: _aUnwin, Mike, author. _tMigration _dNew York : Bloomsbury, 2019 _z9781547601387 _w(DLC) 2018055684 |
| 906 |
_a7 _bcbc _corignew _d1 _eecip _f20 _gy-gencatlg |
||
| 925 | 0 |
_aacquire _b1 shelf copy _xpolicy default |
|
| 942 |
_cBOOK _01 |
||
| 948 |
_a12/11/2019 _zSirsi |
||
| 955 |
_wxm08 2018-11-19 (telework) _frl02 2019-08-07 to CALM |
||
| 996 |
_a172955 _b34301001651621 _cJNF _dbk _ewcl _fi _g1 _h18.99 _lBaker & Taylor _m591.56 Unw _p12/11/2019 _q12/30/2019 _r12/18/2019 |
||
| 999 |
_c323240 _d323239 |
||